LEADER 01744nam0 2200445 i 450 001 RAV1089958 005 20231121125645.0 010 $a8831781375 020 $aIT$b2004-11545 100 $a20121119d2003 ||||0itac50 ba 101 | $agrc$aita 102 $ait 181 1$6z01$ai $bxxxe 182 1$6z01$an 200 1 $aCiclope$fEuripide$ga cura di Michele Napolitano$gintroduzione di Luigi Enrico Rossi 210 $aVenezia$cMarsilio$d2003 215 $a186 p.$d18 cm 225 | $a˜Il œconvivio 225 | $aLetteratura universale Marsilio 300 $aTrad. italiana a fronte. 410 0$1001CFI0024351$12001 $a˜Il œconvivio 410 0$1001CFI0504926$12001 $aLetteratura universale Marsilio 500 10$aCyclops$3UBOE037369$9CFIV006703$917904 606 $aEuripide . Ciclope$xTraduzioni italiane$2FIR$3RMLC365020$9E 676 $a882.01$9Dramma e poesia drammatica in greco classico. Origini-499.$v21 700 0$aEuripides$3CFIV006703$4070$0229973 702 1$aNapolitano$b, Michele$3CFIV209195 702 1$aRossi$b, Luigi Enrico$3SBLV085770 790 0$aEuripide$3CFIV006704$zEuripides 790 0$aEuripid?s$3SBNV066037$zEuripides 790 1$aRossi$b, L. E.$3SBNV040836$zRossi, Luigi Enrico 801 3$aIT$bIT-01$c20121119 850 $aIT-RM0418 $aIT-FR0017 899 $aBIBLIOTECA ACCADEMIA NAZ. DEI LINCEI E CORSINIANA$bRM0418 899 $aBiblioteca umanistica Giorgio Aprea$bFR0017 912 $aRAV1089958 950 0$aBiblioteca umanistica Giorgio Aprea$d 52MAG 1/728$e 52SBA0000144725 VMN RS $fA $h20121119$i20121119 977 $a 10$a 52 996 $aCyclops$917904 997 $aUNICAS